00922nam a22002417a 450000500170000001000130001702000240003003500130005403700160006704000120008308200160009510000250011124500550013626000480019127000770023930000320031650000530034865000520040165000480045394200250050199900190052695201350054520170124110233.0 aB-079938 c1600.00a8173051070 aB-079938 bCen Lib/Ret aDPLbEN a954.11bAGR aAgrawal, R. C941832 aKashmir and its monumental glory /cby R C Agrawal aNew Delhi bAryan Books Internationalc1998 a4378/4B, Pooja Apartments 4, Ansari Road, Darya GanjbNew Delhi e110002 axxv,208p. :c28cm(Hb)bill. aIncludes bibliographical references and index  aJammu and Kashmir (India) -- Antiquities939718 aJammu and Kashmir (India) -- History928273 2ddccENh954.11mAGR c134796d134796 001040718REFaLbLd2015-07-31eCen Lib/Ret g1600.00l0o954.11 AGRpB-079938r2015-07-31 00:00:00t1v1600.00w2015-07-31yEN